[Event "Ischia"]
[Site "Ischia"]
[Date "1996.??.??"]
[Round "7"]
[White "Hodgson, Julian M"]
[Black "Tseitlin, Mark D"]
[Result "1-0"]
[WhiteElo "2615"]
[BlackElo "2545"]
[Annotator "Stohl,I"]
[PlyCount "67"]
[EventDate "1996.06.??"]
[EventType "tourn"]
[EventRounds "9"]
[EventCountry "ITA"]
[EventCategory "14"]
[SourceTitle "CBM 054"]
[Source "ChessBase"]
[SourceDate "1996.10.01"]
[SourceVersion "1"]
[SourceVersionDate "1996.10.01"]
[SourceQuality "1"]

1. d4 {Petursson Baburin Greenfeld} Nf6 2. Bg5 Ne4 (2... g6 3. Bxf6 exf6 4. e3
Bg7 5. h4 $5 b6 6. h5 Bb7 7. c4 d6 8. Nc3 Nd7 9. Nge2 f5 10. Qa4 O-O 11. hxg6
hxg6 12. Nf4 Nf6 13. c5 c6 14. cxd6 Qxd6 15. Qb3 Ng4 16. Be2 Rfe8 17. Rd1 Nxe3
18. fxe3 Rxe3 19. O-O Bxd4 20. Rxd4 Qxd4 21. Qc4 Qxc4 22. Bxc4 Kg7 23. Rd1 Rae8
$15 {Hodgson,J-Nilsson,N/Copenhagen PC/1996/}) 3. Bf4 d5 (3... c5 4. f3 Qa5+ 5.
c3 Nf6 6. d5 (6. Nd2 cxd4 7. Nb3 Qf5 8. Bxb8 Rxb8 9. Qxd4 b6 10. e4 Qf4 11. Nh3
Qc7 12. e5 Ng8 13. O-O-O e6 14. f4 f5 15. Be2 Nh6 16. Nf2 Be7 17. Kb1 Bb7 18.
Qa4 Bc6 19. Bb5 Bxb5 20. Qxb5 Qb7 21. Rd2 a6 22. Qa4 Rc8 23. Rhd1 Rc7 24. g3 b5
25. Qd4 O-O $13 {Arduman,C-Hjartarson,J/Copenhagen PC/1996/}) 6... Qb6 7. Bc1
g6 (7... e6 8. c4 exd5 9. cxd5 c4 10. e3 Bc5 $5 $146 (10... Qa5+ 11. Nc3 b5 12.
Qd4 Bb4 13. Qe5+ Kf8 14. a3 Bb7 15. axb4 $1 Qxa1 16. Nge2 Qa6 17. Nd4 d6 18.
Qf4 Qb6 19. Nf5 a5 20. Nxg7 Kxg7 21. Qg5+ Kf8 22. Qxf6 Rg8 23. Qh6+ Rg7 24. e4
Kg8 25. Be3 $44 {Hodgson,JM-Stohl,I/Isle of Man op/1995/}) 11. Kf2 O-O 12. Bxc4
d6 13. Ne2 Nbd7 14. Nbc3 Ne5 15. Na4 Qb4 16. b3 Nxc4 17. bxc4 Qxc4 18. Nxc5
Qxc5 19. Nf4 Re8 20. Re1 g5 21. Nd3 Qb6 22. Qb3 Qxb3 23. axb3 Nxd5 24. Ra5 Be6
25. e4 Ne7 26. Rxg5+ Ng6 27. f4 f6 28. Rb5 Rac8 $132 {Hodgson,J-Wells,P/
Copenhagen PC/1996/}) 8. Nh3 d6 9. Nf2 Bg7 10. e4 e6 11. c4 O-O 12. Nc3 exd5
13. cxd5 Na6 14. Be2 Bd7 15. O-O Rac8 16. Bc4 Rfe8 17. a3 Nc7 18. a4 a6 19. Qd3
Na8 20. Bg5 Qc7 21. a5 Rb8 22. Rfe1 h6 23. Bd2 b5 24. axb6 Rxb6 25. b3 Qb8 26.
Na4 $14 {Hodgson,J-Ftacnik,L/Ischia/1996/}) 4. e3 (4. f3 Nf6 5. Nc3 e6 6. e4
Bb4 7. Qd3 c5 8. dxc5 Nc6 9. O-O-O Bxc3 10. Qxc3 d4 11. Qd2 e5 12. Bg5 h6 13.
Bxf6 Qxf6 14. Bb5 O-O 15. Ne2 Qe7 16. Bxc6 bxc6 17. c3 Qxc5 18. Kb1 dxc3 19.
Qxc3 Qb5 20. Nc1 Be6 21. Rd6 Rfc8 22. Nd3 Rd8 23. Qxe5 Rxd6 24. Qxd6 Qa5 25.
Qa3 Qd2 26. Rc1 Qxg2 $132 {Tichy,V-Smejkal,J/Mar.Lazne CS-ch/1978/}) (4. Nd2 {
Greenfeld} c5 5. Nxe4 dxe4 6. dxc5 Qa5+ 7. c3 Qxc5 8. Qd4 $2 (8. Qa4+ Qc6 9.
Qxc6+ Nxc6 10. f3 e5 11. Be3 Bf5 12. g4 Be6 13. Nh3 f6 14. Nf2 exf3 15. exf3
Ne7 $10 {Tunik,G-Avrukh,B/Beersheba/1996}) 8... Qxd4 9. cxd4 Nc6 10. O-O-O e5
$1 11. dxe5 Be6 12. Kb1 e3 $1 13. Bxe3 Nb4 $17 {Mikhalevski,V-Tseitlin,MD/
Beersheba/1996}) 4... c5 (4... c6 5. Bd3 Qb6 6. Bxe4 Qxb2 7. Nd2 dxe4 8. Ne2
Nd7 9. O-O Nf6 10. c4 Qa3 11. Ng3 g6 12. Be5 Bg7 13. Ngxe4 Nxe4 14. Bxg7 Nxd2
15. Qxd2 Rg8 16. Be5 f6 17. Bg3 b6 18. e4 c5 19. d5 Rg7 20. e5 fxe5 21. Bxe5
Rf7 22. Rfe1 Bf5 23. Qg5 Qa4 24. Bd6 O-O-O 25. Bxe7 Re8 26. Qh4 Bd3 27. Rac1
Bxc4 28. d6 Bb5 $10 {1/2,Hodgson,J-Hjartarson,J/Copenhagen PC/1996/}) 5. Bd3 {
N/} (5. Nd2 {Greenfeld}) (5. f3 {Greenfeld}) 5... Nc6 $5 (5... e6 {Greenfeld})
(5... g6 {Greenfeld}) 6. Bxe4 $6 {White wants to take over the initiative
forcefully, but his attempt nearly backfires.} (6. c3 $10) 6... dxe4 7. d5 (7.
c3 Qb6 8. Qb3 Be6 $36) 7... Nb4 (7... e5 $2 {Greenfeld} 8. Bg3 Nb4 9. Nc3 {
/\ a3}) 8. Nc3 {[%cal Ra2a3,Rc3e4] /\a3,Ne4} e6 $8 (8... f5 9. a3 Na6 10. f3
$16 {[%csl Gd4,Gd5,Ge5] [+],@}) (8... Bf5 9. a3 Na6 10. Nge2 {[%csl Re4][%cal
Ye2g3] /\Ng3,><e4}) 9. d6 {׻} (9. dxe6 $6 Qxd1+ 10. Kxd1 Bxe6 11. a3 O-O-O+
12. Kc1 Nd5 $36) (9. Nxe4 $2 Qxd5 $19) 9... Qa5 $1 10. Nge2 (10. a3 $6 Nd5)
10... Bd7 (10... Nd5 11. O-O Nxf4 12. Nxf4 $40) 11. O-O f5 12. a3 (12. Nc1 $6 {
Greenfeld} c4 $1 $13) 12... Nc6 13. b4 $1 {White has a lead in development and
active position, but his d6P is in serious danger and Black threatens to win
it in due course. Hodgson must use all his imagination to retain his
initiative. Baburin: White wants to open some files and create tension.} cxb4
$8 14. axb4 Qb6 (14... Qxb4 $6 15. Rb1 {[%cal Rb1b7] /\Rb7|^}) 15. b5 (15. Qd2
$1 {Greenfeld} Nd8 (15... Nxb4 16. Rfb1 a5 17. Nxe4 fxe4 18. Rxb4 $16) (15...
g6 16. b5 Nd8 17. Na4 $1 Qxb5 18. Rfb1 $18) 16. Na4 (16. Nd4 $5) 16... Bxa4 17.
Rxa4 $16) 15... Nd8 $1 (15... Na5 16. Ra4 $1 {[%cal Rd1a1] /\Qa1+-} Bxb5 17.
Nxb5 Qxb5 18. c4 $1 Nxc4 19. d7+ Kd8 20. Rxa7 $1 Rxa7 21. Bc7+ $18) 16. Nd4 (
16. Na4 $5 {Greenfeld} Qxb5 17. Nd4 Qa5 18. Nb3 $1 $44) 16... Nf7 (16... Bxd6
17. Na4 (17. Nxf5 $5 $16) (17. Bxd6 {Greenfeld} Qxd6 18. Nxf5 $1 Qxd1 19. Nxg7+
$18) 17... Qc7 18. Nxe6 Nxe6 19. Bxd6 $40 {[%csl Re8] עe8}) 17. Na4 (17. Nxf5
$2 Qc5) 17... Qd8 {[%cal Re6e5] /\e5} 18. Nxe6 $5 {A highly speculative
sacrifice, but practically the only way to keep the attack going. (and holding
Black's K somewahat longer in the middle.) White will have only 1 P for his
piece, but he must give his passed d-pawn an extra incentive, if he loses it
without compensation, the game is over.} (18. Nc5 e5 $1 19. Nde6 Bxe6 20. Nxe6
Qxd6 21. Qxd6 Bxd6 22. Nxg7+ Kf8 23. Ne6+ Ke7 $19 {costs White a piece for
nothing.}) 18... Bxe6 19. Nc5 Qc8 $2 {Now the Black K stays in the center.} (
19... Bxd6 20. Nxe6 Qf6 21. Bxd6 Qxe6 22. Ba3 $16) (19... Bc8 $142 $1 20. Ra4 (
20. Qd4 Bxd6 21. Rad1 Bxf4 $19) 20... Bxd6 (20... g5 21. Rd4 Bd7 $5 $17 (21...
gxf4 22. d7+ Bxd7 23. Rxd7 Qc8 24. Qh5 $18)) (20... b6 21. Qd5 $1 bxc5 22. Qxa8
$36) 21. Rd4 Bxc5 22. Rxd8+ Nxd8 23. Qd5 Be7 $17 {[%cal Yc8e6] /\Be6}) (19...
Bc4 $4 {Greenfeld} 20. d7+ Ke7 21. Qd4 $3 Bxf1 22. Bd6+ Nxd6 23. Qe5+ Kf7 24.
Qe6#) 20. Qd4 $1 $44 {Suddenly it's very difficult for Black to get his pieces
(especially the R) into the game, White's plan is simply to open up the center.
עe8,Ra8,Rh8,Bf8} Nd8 {Baburin: This retreat does not look right, I have a
feeling that Black could defend better and the position is far from being
clearly in White's favour.} (20... g5 21. Be5 Rg8 22. Rad1 $40 (22. b6 {
Petursson} a6 23. Rfd1 Bd7 24. Ra3 $44)) 21. f3 $1 (21. Rad1 Bd7 $13) 21...
exf3 22. e4 $40 b6 $6 (22... fxe4 23. Qe5 {[%cal Rd6d7] /\d7+-} (23. Rae1 {
Greenfeld} Kf7 24. Rxe4 $18) 23... Kf7 24. Nxe4 Kg8 25. Rxf3 $40) (22... fxg2 {
Petursson} 23. Rfe1 Kf7 24. exf5 Bxf5 25. Qd5+ $40) 23. Na6 Qc4 {Petursson: It
is clear from Black's last two timid moves that Hodgson has managed to totally
confuse him.} (23... Kf7 24. exf5 $1 Bxf5 25. Qd5+ Kg6 (25... Be6 26. Qxf3 $40)
26. Nc7 $16) 24. Qxc4 Bxc4 25. Nc7+ Kd7 26. Nxa8 Bxf1 27. Rxa7+ Ke6 28. Nc7+
Kd7 29. exf5 $1 $18 (29. Kxf1 fxg2+ 30. Kxg2 Bxd6 31. Nd5+ Ke6 32. Bxd6 Kxd6
33. Nxb6 Kc5 $1 $16) 29... fxg2 30. Ne6+ Ke8 $8 (30... Kc8 31. d7#) 31. d7+ Kf7
(31... Ke7 32. Bg5+ Kd6 33. Nxd8 $18 {[%cal Rd8c6,Rd8e6,Rd8f7] /\Nc6,Ne6,Nf7})
32. Nxd8+ Kf6 {[%cal Rf8c5] /\Bc5-+} 33. Ne6 Be7 (33... Bb4 34. Be3 $18) 34.
Bg5+ (34. Bg5+ Kxf5 35. Bxe7 Kxe6 36. d8=Q Rxd8 37. Bxd8 $18) 1-0

[Event "Mermaid Beach Club"]
[Site "Bermuda"]
[Date "1997.??.??"]
[Round "4"]
[White "Hodgson, Julian M"]
[Black "Hjartarson, Johann"]
[Result "1-0"]
[WhiteElo "2560"]
[BlackElo "2585"]
[Annotator "Stohl,I"]
[PlyCount "71"]
[EventDate "1997.01.??"]
[EventType "tourn"]
[EventRounds "11"]
[EventCountry "BER"]
[EventCategory "11"]
[SourceTitle "CBM 058"]
[Source "ChessBase"]
[SourceDate "1997.06.01"]
[SourceVersion "1"]
[SourceVersionDate "1997.06.01"]
[SourceQuality "1"]

1. d4 Nf6 2. Bg5 c5 (2... Ne4 3. Bf4 d6 (3... c5 4. f3 (4. d5 Qb6 5. Qc1 e6 6.
f3 Nf6 7. e4 exd5 8. e5 Nh5 9. Ne2 d6 10. Nbc3 Be6 11. g4 dxe5 12. Bxe5 Nc6 13.
f4 Nxe5 14. fxe5 d4 15. gxh5 dxc3 16. bxc3 Be7 17. Bg2 Bh4+ 18. Ng3 Bxg3+ 19.
hxg3 h6 20. O-O $13 {1/2,Hodgson,J-Lalic,B/St.Heliers op/1997/}) 4... Qa5+ 5.
c3 Nf6 6. Nd2 cxd4 7. Nb3 Qb6 8. Qxd4 Nc6 9. Qxb6 axb6 10. a3 e5 11. Be3 d5 12.
Bxb6 d4 13. cxd4 Be6 14. d5 Nxd5 15. Bc5 Be7 16. Kf2 f5 17. Bxe7 Kxe7 18. Nc5
f4 19. g3 Bf7 20. h4 b6 21. Nd3 Bg6 $44 {Lesiege,A-Shaked,T/Mermaid Beach Club/
1997/}) 4. Nd2 Nf6 $6 5. e4 g6 6. e5 Nd5 7. Bg3 Bg7 8. Ngf3 O-O 9. Bc4 Nb6 10.
Bb3 Nc6 11. O-O Bg4 12. h3 Bxf3 13. Nxf3 Na5 14. Qe1 Nxb3 15. axb3 Qd7 16. Qe4
d5 17. Qh4 h6 18. Rfe1 Qe6 19. Re3 a5 20. Rae1 a4 21. Bf4 $1 g5 22. Nxg5 hxg5
23. Bxg5 Nc8 24. Rg3 f5 25. Bh6 Rf7 26. Qg5 f4 27. Rg4 {1-0, Hodgson,J-Vescovi,
G/Mermaid Beach Club/1997/}) 3. d5 g6 $6 {Playing against Julian's favourite
Trompowsky people often try to suprise him by something unusual. The same we
see here, but it must have been a pleasant surprise, as White now gets an
advantageous version of a Pirc/Old Benoni position with attacking chances.
Black should go for the more active and topical lines with} (3... Ne4 {or}) (
3... Qb6 4. Nc3 Qxb2 5. Bd2 Qb6 6. e4 d6 7. f4 e5 8. fxe5 dxe5 9. Nf3 Nbd7 10.
Rb1 Qd8 11. Bg5 Bd6 12. Nd2 O-O 13. Nc4 Nb6 14. Nxd6 Qxd6 15. Qf3 Bd7 16. Bxf6
Qxf6 17. Qxf6 gxf6 18. Bb5 Rfd8 19. O-O Kg7 20. Rf3 Nc8 21. Bxd7 Rxd7 22. Ne2
Nd6 23. Ng3 Kh8 24. Rxf6 Rg8 25. Re1 Rg5 26. Nf1 b5 27. Nd2 Rg6 $11 {
Landenbergue,C-Xu Jun/Cannes opA/1997/}) (3... e5 4. Nc3 d6 5. e4 Be7 6. Nf3
O-O 7. Be2 Nbd7 8. O-O Kh8 9. a4 Ng8 10. Be3 g6 11. Nd2 f5 12. exf5 gxf5 13. f4
Ngf6 14. Nc4 e4 15. Bc1 Rg8 16. b3 Ne8 17. Bb2 Bf6 18. Kh1 Qe7 19. Qd2 Bd4 20.
g3 Ndf6 21. Nd1 Bxb2 22. Ndxb2 Qg7 23. Ne3 Bd7 24. Nbc4 $14 {Miles,A-Matamoros
Franco,C/Ubeda op/1997/}) 4. Nc3 (4. Bxf6 $143 $6 exf6 5. Nc3 (5. e3 Bg7 6. c3
O-O 7. Ne2 b5 8. Nf4 b4 9. h4 f5 10. h5 d6 11. hxg6 hxg6 12. Bd3 Re8 13. Qc2
Qg5 14. g3 Nd7 15. Bb5 Rb8 16. Bxd7 Bxd7 17. Nd2 bxc3 18. bxc3 Bb5 19. Ne2 Qg4
20. f3 Qg5 21. Nf1 Rxe3 22. Nxe3 Qxe3 23. Kd1 Ba4 24. Qxa4 Rb2 {0-1,Grant,
A-Arkell,K/Hastings op9495/1994/}) 5... d6 6. e3 Bg7 7. Nge2 O-O 8. g3 Nd7 9.
Bg2 Ne5 10. O-O Bg4 11. f3 Bd7 12. b3 f5 13. Qd2 b5 14. Rad1 b4 15. Nb1 Bb5 16.
c4 Bd7 17. h3 Bc8 18. Qc2 a5 19. Nd2 a4 20. f4 Nd7 21. e4 Re8 22. Rfe1 axb3 23.
axb3 Nf6 $36 {Knapp,M-Mueller,M/Nuernberg Weilburg op/1996/}) 4... Bg7 5. e4 (
5. Nf3 $143 b5 $1 6. Qd2 b4 7. Bxf6 Bxf6 8. Nd1 d6 9. e4 Bg4 10. Be2 Nd7 11.
O-O Bxf3 12. Bxf3 O-O 13. Be2 a5 14. a4 bxa3 15. Rxa3 Qb6 16. Rb3 Qc7 17. Bb5
Rab8 18. c4 Rb7 19. Ra3 Ra7 20. Rh3 Bg7 21. Nc3 Nb6 $11 {Lenhardt,M-Sorg,B/
OSEM-A WD Ulm/1995/}) 5... d6 (5... h6 $142 $5 {Black should prevent White to
achieve the attacking set-up he gets in the game.} 6. Bf4 (6. Bd2 d6 7. h3 O-O
8. Nf3 e6 9. Be2 exd5 10. exd5 Bf5 11. Qc1 g5 12. h4 g4 13. Nh2 h5 14. Bh6 Bg6
15. Bxg7 Kxg7 16. Nf1 Nbd7 17. Ng3 Re8 18. Qd2 a6 19. O-O-O b5 20. Bd3 Re5 21.
f4 gxf3 22. gxf3 b4 23. Nce2 Qa5 24. Kb1 c4 25. Bxg6 c3 $5 $13 {Lputian,
S-Alterman,B/Moscow olm/1994/}) 6... d6 7. h3 Qb6 8. Bb5+ Nfd7 (8... Bd7 $142
$5 9. a4 O-O $132) 9. Rb1 Qa5 10. Bd2 O-O 11. Nf3 a6 12. Be2 Nf6 13. O-O Qd8
14. a4 e6 15. dxe6 Bxe6 16. Be3 Nc6 17. Qd2 Kh7 18. Rfd1 Ne8 19. Nd5 Bxd5 20.
Qxd5 Nf6 21. Qxd6 Qxd6 22. Rxd6 Nxe4 23. Rd7 Na5 24. Nd2 Nxd2 25. Bxd2 b6 26.
Kf1 Rad8 27. Rxd8 Rxd8 28. Be3 Nc6 29. c3 $16 {[%csl Ge2,Ge3] _|_^^,Hodgson,
J-Cramling,P/Bern Rehhag cup/1996/}) (5... b5 $6 6. Bxf6 (6. e5 Ng4 7. d6 $36)
6... Bxf6 7. Bxb5 Qa5 8. Nge2 $16) 6. f4 $1 $146 {A very strong novelty, which
makes Black's idea very dubious. Now it's very difficult to get any
counterplay in the center by e6.} (6. Be2 $143 a6 7. a4 h6 8. Bd2 e6 9. Nf3
exd5 10. exd5 Bg4 11. h3 Bxf3 12. Bxf3 O-O 13. O-O Nbd7 14. Bf4 Nb6 15. Qd3 Qc7
16. g4 Rae8 17. Bg2 Nfd7 18. Bc1 Re7 19. f4 Rfe8 20. Bd2 c4 21. Qf3 Nc5 22. Kh1
Ne4 23. Nxe4 Rxe4 $17 {Bennett,T-Bouaziz,S/London Lloyds Bank op/1978/}) (6.
Qd2 Qa5 (6... O-O 7. Bh6 Bxh6 8. Qxh6 a6 9. Nf3 Nbd7 10. Ng5 Re8 11. Be2 Nf8
12. h4 b5 13. h5 e5 14. dxe6 Bxe6 15. hxg6 fxg6 16. O-O-O Qe7 17. f4 b4 18.
Nxe6 bxc3 19. Ng5 d5 20. e5 Qb7 21. bxc3 Rab8 22. exf6 Rxe2 23. f7+ {1-0, Emms,
J-Schmidt,S/Leningrad II/1990/}) 7. f3 a6 8. O-O-O Nbd7 9. Kb1 b5 10. Bh6 Bxh6
11. Qxh6 Ne5 12. Qe3 Bd7 13. f4 Neg4 14. Qf3 b4 15. Nce2 Nxe4 16. Qxe4 Nf2 17.
Qf3 Nxd1 18. Nc1 Nc3+ 19. bxc3 bxc3 20. Nb3 Rb8 21. Bc4 Qb4 22. Bxa6 O-O 23.
Ne2 Qa3 24. Nxc3 Qxa6 $19 {Gerstner,W-Alterman,B/München op/1991/}) 6... O-O (
6... Ng4 7. Qd2 h6 8. Bh4 $16) (6... e6 $4 7. dxe6 Bxe6 8. e5 dxe5 9. Qxd8+
Kxd8 10. fxe5 $18) 7. Nf3 a6 (7... Qb6 $142 $5 8. Rb1 e6 9. dxe6 Bxe6 10. Bd3 {
[%cal Rf4f5] /\f5|^}) 8. a4 Nh5 9. f5 $1 (9. Qd2 f6 10. Bh4 Bh6 11. g3 Bg4 $132
) 9... Nd7 (9... gxf5 10. Nh4 Nf6 11. Nxf5 $16) 10. Be2 Rb8 11. O-O $16 {
White's attacking plan is very simple and typical for these positions-Qe1-h4,
Bh6,Ng5,Rf1-f3 etc. Black can do very little against this.} Nhf6 12. Qe1 Re8 {
White's last move fits in his plan and also stops b5 for the time being.} (
12... b5 $2 13. axb5 axb5 14. Bxb5) 13. Qh4 c4 {[%cal Rd8b6] /\Qb6} (13... e6
$2 14. dxe6 fxe6 15. fxe6 Nf8 (15... Rxe6 16. Bc4) 16. Nd5 $18) 14. Be3 $5 {
Hodgson slightly modifies his plan, but also} (14. Kh1 Qb6 15. Rab1 {[%cal
Rg5h6,Rf3g5] /\Bh6,Ng5 was very strong.}) 14... Qc7 (14... b5 $6 15. axb5 axb5
16. Nd4 {[%cal Rd4b5,Rd4c6] /\Nc6,Ndb5 loses a pawn.}) 15. Kh1 b6 (15... b5 16.
axb5 axb5 17. Ra7 $40) 16. g4 $1 $40 {The next 20 moves till the end of the
game White spends attacking, producing a model strategical and tactical
performance.} Nc5 (16... b5 17. g5 Nh5 18. Nd4 $40) 17. g5 Nfd7 18. Bd4 $1 Ne5
(18... Bxd4 19. Nxd4 Ne5 20. Qh6 $18 {[%cal Rf5f6,Rf1f4,Rf4h4] /\f6,Rf4-h4}) (
18... f6 19. Rg1 $40) 19. Nxe5 dxe5 20. Be3 b5 (20... f6 $142 $5 21. fxg6 hxg6
22. Bg4 $16) 21. axb5 axb5 22. Qf2 $1 $18 Nxe4 $8 (22... Nd7 23. fxg6 $18) 23.
Nxe4 gxf5 (23... Bxf5 24. Ng3 e6 25. Ra7 $18) 24. Bg4 $5 (24. Ng3 f4 25. Nh5
$18) 24... e6 $8 (24... f4 25. Bxc8 Rbxc8 26. Bc5 $18 {[%cal Ra1a7] /\Ra7}) 25.
Nf6+ Bxf6 26. gxf6 fxg4 27. Bh6 $1 (27. Qg3 Kh8 28. Bh6 Rg8 29. Bg7+ Rxg7 30.
fxg7+ Kg8 $44) 27... Bb7 (27... Kh8 28. Bg7+ Kg8 29. Qh4 exd5 30. Qg5 $18) 28.
Rad1 $1 {White doesn't allow the B to join the defence.} (28. Qg3 $2 Bxd5+ 29.
Kg1 Be4 30. Qxg4+ Bg6 $15) 28... Bxd5+ 29. Rxd5 $1 Qc6 (29... exd5 30. Qf5 Kh8
31. Qg5 Rg8 32. Bg7+ Rxg7 33. Qxg7#) 30. Rfd1 $1 (30. Qg3 $4 Qxd5+ 31. Kg1 Qe4
$19) 30... Kh8 (30... exd5 31. Qf5 $18) (30... Rbd8 31. Qg2 $18) 31. Bg7+ (31.
Qg2 $1 exd5 32. Bg7+ Kg8 33. Qxg4 Qe6 34. Qg5 $18) 31... Kg8 32. Qc5 Qb7 33.
Qg1 $1 exd5 (33... h5 34. Qe3 exd5 35. Qh6 d4+ 36. Kg1 $18) 34. Qxg4 d4+ 35.
Kg1 Qc8 36. Qg5 1-0

[Event "Oxford GM-A"]
[Site "Oxford"]
[Date "1998.12.22"]
[Round "8"]
[White "Hodgson, Julian M"]
[Black "Wells, Peter K"]
[Result "1-0"]
[WhiteElo "2575"]
[BlackElo "2515"]
[Annotator "Wells,P"]
[PlyCount "59"]
[EventDate "1998.12.14"]
[EventType "tourn"]
[EventRounds "9"]
[EventCountry "ENG"]
[EventCategory "11"]
[SourceTitle "CBM 069"]
[Source "ChessBase"]
[SourceDate "1999.04.01"]
[SourceVersion "1"]
[SourceVersionDate "1999.04.01"]
[SourceQuality "1"]

1. d4 Nf6 2. Bg5 Ne4 {Of course it would seem} 3. Bf4 d5 4. e3 c5 (4... Bf5 {
has been popular, but white's plan of putting pressure on the centre with c4
in conjunction with a king-side expansion appears to lead to a significant
advantage in space eg.} 5. f3 Nf6 6. c4 $1 Bxb1 (6... e6 7. Nc3 c6 8. g4 Bg6 9.
h4 h6 10. Qb3 b6 11. Nh3 dxc4 12. Bxc4 Nd5 13. O-O-O Bd6 14. Bxd6 Qxd6 15. e4
Nxc3 16. Qxc3 Nd7 17. h5 Bh7 18. Kb1 O-O-O 19. Ka1 $14 {[%csl Rh7] 1-0
Conquest,S-Xie Jun/Hastings 1997/CBM 57 (28)}) (6... c5 7. cxd5 Nxd5 8. Bxb8 $1
Nxe3 (8... Rxb8 9. e4 Ne3 10. Qe2 Qa5+ 11. Kf2 Nxf1 12. exf5 $18 {[%csl Rf1]})
9. Bb5+ Bd7 10. Bxd7+ Qxd7 11. Qe2 Nxg2+ 12. Qxg2 Rxb8 13. dxc5 g6 {1/2-1/2
Adams,M-Van Wely,L/Tilburg 1996/Inf 68 (59) and although white's position is a
bit of a mess, it is a piece, and black's compensation does not look enough.})
7. Rxb1 c6 8. Bd3 e6 9. Ne2 Bb4+ 10. Kf2 {[%csl Yf2] Again white expands on
both flanks, and the king stands quite comfortably in the centre.} Be7 11. g4
dxc4 12. Bxc4 O-O 13. e4 $14 {1/2-1/2 Adams,M-Emms,J/Hove 1997/EXT 99 (41)
With a pleasant space advantage.}) (4... c6 5. Bd3 Qb6 6. Bxe4 $1 {Again as in
the main game this idea to weaken e4. In this case black grabs b2 and
successfully extricates his queen, but white gains a lot of development and is
able to prevent all black's breaks.} Qxb2 7. Nd2 dxe4 8. Ne2 Nd7 9. Nxe4 g6 10.
O-O Bg7 11. Qd3 Qb6 12. a4 O-O 13. a5 Qd8 14. Qc3 {[%cal Ya5b6,Yd4e5,Ye4c5,
Yc3c5,Yf4e5] 1-0 Hodgson,J-Smejkal,J/BL9596 1996/GER-chT (34)}) 5. Bd3 $1 cxd4
{Black has tried several moves here, but the current assessment has to be that
none of them is entirely satisfactory, eg.} (5... Qb6 {looks very treachorous}
6. Bxe4 $1 dxe4 7. Nc3 Qxb2 8. Nge2 Bg4 9. Nxe4 Bxe2 10. Kxe2 cxd4 11. Qd3 $1
f5 12. Ng5 Nc6 13. Ne6 Rc8 14. Rhb1 Qc3 15. Qxc3 dxc3 16. Rxb7 {[%csl Rf8,Rh8]}
Kf7 17. Nd4 Kf6 18. Bc7 $1 Nxd4+ 19. exd4 a6 20. Ra7 e6 21. Rb1 Be7 22. Be5+ {
[%csl Re7][%cal Yb1b7] 1-0 Adams,M-Xie Jun/Premier, Hastings ENG 1997 (22)}) (
5... Nc6 6. Bxe4 dxe4 7. d5 (7. Ne2 $5 {[%csl Re4]}) 7... Nb4 8. Nc3 e6 9. d6
Qa5 10. Nge2 Bd7 11. O-O f5 12. a3 Nc6 13. b4 cxb4 14. axb4 Qb6 15. b5 Nd8 16.
Nd4 Nf7 17. Na4 Qd8 18. Nxe6 Bxe6 19. Nc5 Qc8 20. Qd4 Nd8 21. f3 exf3 22. e4 b6
23. Na6 Qc4 24. Qxc4 Bxc4 25. Nc7+ Kd7 26. Nxa8 Bxf1 27. Rxa7+ Ke6 28. Nc7+ Kd7
29. exf5 fxg2 30. Ne6+ Ke8 31. d7+ Kf7 32. Nxd8+ Kf6 33. Ne6 Be7 34. Bg5+ {
1-0 Hodgson,J-Tseitlin,M/Ischia 1996/CBM 54 (34)}) 6. Bxe4 dxe4 7. exd4 Nc6 ({
I did not fully trust} 7... g6 {despite its promising debut} 8. Nc3 (8. c3 $5 {
[%csl Re4]}) 8... Bg7 9. Nge2 (9. Nxe4 Qb6 $5 10. Nf3 Bg4 $132) 9... Bf5 10.
O-O Nc6 11. d5 Ne5 12. Ng3 Nc4 13. Nb5 (13. Qe2 $5 $14) 13... Nxb2 14. Nxf5
Nxd1 15. Nxg7+ Kd7 16. Rfxd1 Qa5 17. Rab1 Rac8 18. c4 Rhg8 19. Be5 Rxc4 20. d6
e6 21. Na3 Rb4 22. Rxb4 Qxb4 23. Rb1 Qxa3 24. Rxb7+ Kc6 25. Rc7+ Kd5 26. Bf6
Qxa2 27. h3 Kxd6 $19 {0-1 Hodgson,J-Leitao,R/Mermaid Beach 1998/CBM 62 ext (35)
}) 8. Ne2 Bg4 (8... e5 $6 {Occupied a quite unjustified amount of my time.} 9.
dxe5 Qxd1+ 10. Kxd1 Bg4 11. Nbc3 O-O-O+ (11... Nd4 12. h3) 12. Kc1 $16) 9. Nbc3
e6 (9... Qa5 10. h3 Bh5 11. O-O O-O-O 12. d5 e6 13. dxc6 Rxd1 14. cxb7+ Kxb7
15. Rfxd1 Bb4 16. g4 Bg6 17. Rd7+ Ka8 18. Be3 Bc5 19. Nd4 $36 {1/2-1/2
Gallagher,J-Rytshagov,M/Elista 1998/CBM 66 ext (63)}) 10. h3 Bh5 {The
conjunction of black's next two moves looks strange, but there is logic to it
since if} (10... Bxe2 11. Qxe2 $1 Nxd4 12. Qxe4 {[%csl Ye4,Yf4][%cal Ya1d1]
would have left white very active. I needed e4 to be occupied so that white's
queen is driven to a less optmal post.}) 11. Nxe4 Bxe2 12. Qxe2 Nxd4 13. Qd3
Nc6 14. O-O-O Qxd3 15. Rxd3 Nb4 $1 {An important defensive manouvre. If black
can plant the knight on d5 and even support it would with ...b7-b5 then he
could look to a decent future. For the first time I believed in the viability
of my position.} 16. Rb3 Nd5 {[%csl Yd5]} 17. Bg3 b6 18. Rd1 Rc8 19. Kb1 Rc6 $4
{An extraordinary blunder which throws away the product of a hitherto rather
competent defence.} (19... Be7 20. Rd4 (20. Nd6+ $6 Bxd6 21. Bxd6 Rd8 {[%cal
Yd8d1,Yd5c3]}) 20... O-O (20... f5 $5) 21. c4 Nf6 22. Nd6 Rc5 $13) 20. Rd4 $1 {
[%csl Yd5][%cal Gc2c4]} Be7 (20... f5 21. c4 $1 fxe4 22. cxd5 exd5 23. Rxd5 $16
{[%csl Re4,Re8]}) 21. c4 Nf6 22. Nd6+ Bxd6 23. Bxd6 {[%csl Re8]} Nd7 24. Rg3 $1
{A good probe! Black has little option but, with a heavy heart, to further
weaken his dark squares. In fact it is more than this. Since it is hard to
avoid the move ...f6, it is black's entire 2nd rank which is subject to
imminent collapse.} g6 25. Rgd3 f6 26. Be7 $1 {A nice touch. In the event of} (
26. Bg3 Nc5 $1 27. Rd8+ Kf7 28. Rxh8 Nxd3 29. Rxh7+ Ke8 {when black can
struggle on a bit.}) 26... Ne5 27. Ra3 $3 (27. Bxf6 {This one I had missde!
Not only more elegant but even stronger than the prosaic} Nxd3 28. Rd8+ Kf7 29.
Bxh8 Nxf2) 27... Nxc4 28. Rxa7 e5 29. Rd8+ Kf7 30. Bb4+ $1 {[%csl Yd2,Rh8]} 1-0